Assessment of grades of mental subnormality with special reference to aetiological factors and suggesting the possibilities of improvement on psychological lines in indicated cases (Record no. 24427)

MARC details
000 -LEADER
fixed length control field 00384nam a2200097Ia 4500
008 - FIXED-LENGTH DATA ELEMENTS--GENERAL INFORMATION
fixed length control field 190716s9999 xx 000 0 und d
082 ## - CLASSIFICATION NUMBER
Call Number TB-55#
100 ## - AUTHOR NAME
Author Bharath Raj, J.
245 #0 - TITLE STATEMENT
Title Assessment of grades of mental subnormality with special reference to aetiological factors and suggesting the possibilities of improvement on psychological lines in indicated cases
942 ## - ADDED ENTRY ELEMENTS (KOHA)
Koha item type Micro-Film
Holdings
Withdrawn status Circulation Status Home library Current library Entry Date Accession Number Koha item type
    NASSDOC Library NASSDOC Library 16/07/2019 MF762 Micro-Film